How to enjoy plenty. (Record no. 12726)

000 -LEADER
fixed length control field 00686nam a2200193 a 4500
001 - CONTROL NUMBER
control field :::00010540$&:&@@
003 - CONTROL NUMBER IDENTIFIER
control field OkBaRHE
005 - DATE AND TIME OF LATEST TRANSACTION
control field 20000607103359.0
008 - FIXED-LENGTH DATA ELEMENTS--GENERAL INFORMATION
fixed length control field s1977 j 000 0 eng u
040 ## - CATALOGING SOURCE
Transcribing agency
100 1# - MAIN ENTRY--PERSONAL NAME
Personal name Osborn, Tommy Lee.
245 10 - TITLE STATEMENT
Title How to enjoy plenty.
260 ## - PUBLICATION, DISTRIBUTION, ETC. (IMPRINT)
Place of publication, distribution, etc Tulsa, OK., :
Name of publisher, distributor, etc Osborn Foundation International
Date of publication, distribution, etc c1977
300 ## - PHYSICAL DESCRIPTION
Extent 219 p. ;
Dimensions 18 cm.
650 ## - SUBJECT ADDED ENTRY--TOPICAL TERM
Topical term or geographic name as entry element Christian Life
942 ## - ADDED ENTRY ELEMENTS (KOHA)
Source of classification or shelving scheme
Koha item type Books
Copies
Permanent Location Date acquired Date checked out Date last seen Lost status Koha item type Barcode Not for loan Damaged status Source of classification or shelving scheme Price effective from Withdrawn status Full call number Total Renewals Shelving location Current Location Copy number Total Checkouts
RHEMA Bible Training College2010-04-14 2010-04-14 Books10540   2010-04-14 BV 4501 .O8 General Stacks 1 
RHEMA Bible Training College2010-04-142011-01-142011-01-28 Books20830   2010-04-14 BV 4501 .O81General StacksRHEMA Bible Training College21